Statistics for Norse creatures, gods and weapons

Click here to take the quiz!

General Stats

  • This quiz has been taken 80 times
  • The average score is 12 of 18

Answer Stats

HintAnswer% Correct
Thors hammerMjolnir
94%
The world treeYggdrasil
82%
Goddes of love, war and beautyFreya
80%
The world serpentJormungandr
80%
Realm of fireMuspelheim
78%
Ruler of MuspelheimSurt
78%
Murderer of OdinFenrir
73%
Shining one, death by mistletoeBalder
71%
Eight-leged horseSleipnir
69%
Giant from which the whole world was createdYmir
69%
Realm of the dark ElvesSvartalfheim
61%
Chooser of the slainValkyrie
59%
God of fertilityFreyr
57%
Odins spearGungnir
51%
Dragon gnawing the roots of the world treeNidhogg
49%
God of sea and windNjörd
47%
Odins ravensHuginn and Muninn
41%
Odins wolvesGeri and Freki
22%

Score Distribution

Percentile by Number Answered

Percent of People with Each Score

Your Score History

You have not taken this quiz